00761nam a22002177a 450000500170000001000150001702000260003203500140005803700090007208200090008110000250009024500350011525000060015026000540015627000880021030000200029870000390031894200200035799900190037795201470039620250210153408.0 aENG-127265 c499.00a9788119798162 aEN-127265 bDBAD aS21 aKazak, kirpal977467 aBattlefield/cby Kirpal, Kazak a1 aNew Delhi bHar-Anand Publications Pvt Ltd c2024 bNew Delhi e110020aE-49/3, Okhla Industrial Area, Phase IIminfo@haranandbooks.com a166p.c21cm(pb) aBal,Hartaj KaureTranslator977463 2ddccENmBALhS c208966d208966 001040708FICaLbLd2025-02-10eDelivery of Books Act Divisiong499.00l0oBAL SpEN-127265r2025-02-10 00:00:00t1v499.00w2025-02-10yEN